| 000 | 00447nam a2200181 a 4500 | ||
|---|---|---|---|
| 001 | 24247 | ||
| 003 | CO-ViMGA | ||
| 008 | 141112s2004 ck r 000 u spa d | ||
| 020 | _a8495692457 | ||
| 040 |
_aCO-ViMGA _bspa _cCO-ViMGA |
||
| 082 | 0 | 4 | _a711.41 F453i |
| 100 | 1 |
_aFine, Marc _935401 |
|
| 245 | 1 | 0 |
_aEspacios Urbanos / _cMarc Fine |
| 260 |
_aMéxico : _bAtrium, _c2002 |
||
| 300 | _a191 p. fotos | ||
| 505 | _aUrbanismo | ||
| 942 |
_2ddc _cBK |
||
| 999 |
_c32250 _d32250 |
||